000 00258nam a2200109Ia 4500
008 200302s9999 xx 000 0 und d
100 _aTim & Charlotte Benton
245 _aForm and Function
260 _bThe Open University
260 _c1975
300 _a252 P.,
999 _c359
_d359